| 000 | 00548nam a22002057a 4500 | ||
|---|---|---|---|
| 003 | OSt | ||
| 008 | 260505b |||||||| |||| 00| 0 eng d | ||
| 082 |
_a633.15 _bS48I |
||
| 100 | _aSingh, Jeevendra Pratap. | ||
| 245 |
_aIrrigation and Drainage Requirement for Maize Based Intercrops / _cby Jeevendra Pratap Singh |
||
| 260 |
_a.- Pusa, Samastipur _b: RAU _c, 1997 |
||
| 300 | _a117p. | ||
| 502 |
_bPh. D. _d1997 |
||
| 650 | _aAgronomy | ||
| 650 | _aMaize | ||
| 650 | _aIrrigation | ||
| 650 | _aThesis | ||
| 650 | _aPh. D. | ||
| 942 |
_2ddc _cT |
||
| 999 |
_c50415 _d50415 |
||